Física general

Uloženo v:
Podrobná bibliografie
Hlavní autor: Giancoli, Douglas C (Autor)
Médium: Kniha
Jazyk:španělština
Vydáno: Ciudad de México Prentice-Hall Hispanoamericana 1988
Témata:
Tagy: Přidat tag
Žádné tagy, Buďte první, kdo vytvoří štítek k tomuto záznamu!

MARC

LEADER 00000nam a2200000 a 4500
001 UCX2378
003 CL-VaPUC
008 910507e19880000MX |||||||||||||||||spa|d
082 0 4 |a 530  |b GIA  |2 21 
100 |a Giancoli, Douglas C  |e author  |9 555686 
245 1 0 |a Física general 
300 |a 2 v 
942 |c BK 
945 |d 19910507 00:00:00 
260 |a Ciudad de México  |b Prentice-Hall Hispanoamericana  |c 1988 
650 0 |a Física   |9 227844 
583 |a last modification  |c 19910507 00:00:00  |k Rodrigo Vera 
999 |c 223413  |d 223411